000 00680cam a22002412 4500
001 0000001545
003 OSt
005 20220805133155.0
008 070315s xx 000 0 eng d
020 _a0830814081 :
040 _aKABU
_cKABU
050 0 _aBS2341.52
_b.K44 2015
100 1 _aKeener, Craig S.
245 1 4 _aThe IVP Bible background commentary :
_bNew Testament.
250 _a2nd ed.
260 _aDowner Grover :
_bIntervarsity Press,
_c2014
300 _a816p.
630 0 0 _aBible. N.T.
_xCommentaries.
650 _aBible new testament
_vcommentaries
908 _a070315
942 _2lcc
_cBK
999 _c19427
_d19426